Jackie Brown Cast - Statistics

General Stats
  • This quiz has been taken 25 times
  • The average score is 6 of 10
Answer Stats
Character Actor % Correct
Jackie Brown Pam Grier
100%
Louis Gara Robert De Niro
100%
Ordell Robbie Samuel L. Jackson
94%
Melanie Ralston Bridget Fonda
88%
Ray Nicolette Michael Keaton
69%
Max Cherry Robert Forster
63%
Beaumont Livingston Chris Tucker
50%
Sheronda LisaGay Hamilton
25%
Mark Dargus Michael Bowen
19%
Winston Thomas Lister Jr.
6%
No matching quizzes found
Score Distribution
Percent of People with Each Score
Percentile by Number Answered
Your Score History
You have not taken this quiz